Noveau cours de meditations sacerdotales ou le petre sanctifie par la practique de l'oraison
Furkejuvvon:
| Váldodahkki: | |
|---|---|
| Materiálatiipa: | Girji |
| Giella: | espánnjágiella |
| Almmustuhtton: |
Lyon
Librairie Generale Catholique et Classique
1894
|
| Preanttus: | 13a. ed |
| Fáttát: | |
| Fáddágilkorat: |
Lasit fáddágilkoriid
Eai fáddágilkorat, Lasit vuosttaš fáddágilkora!
|
MARC
| LEADER | 00000cam a2200000 a 4500 | ||
|---|---|---|---|
| 001 | UCD0744 | ||
| 003 | CL-VaPUC | ||
| 008 | 151210e18940000fr |||||||||||||||||spa|d | ||
| 082 | 0 | 4 | |a 291.4 |b CHA |2 21 |
| 100 | 0 | |a Chaignon, P |e author |9 583761 | |
| 245 | 1 | 0 | |a Noveau cours de meditations sacerdotales ou le petre sanctifie par la practique de l'oraison |
| 250 | |a 13a. ed | ||
| 300 | |a v | ||
| 942 | |c BK | ||
| 945 | |d 20151210 22:58:00 |a gsalatino | ||
| 260 | |a Lyon |b Librairie Generale Catholique et Classique |c 1894 | ||
| 650 | 0 | |a Meditaciones |9 309833 | |
| 650 | 0 | |a Espiritualidad |9 267331 | |
| 650 | 0 | |a Sacerdotes |9 315705 | |
| 650 | 0 | |a Vida espiritual |9 307811 | |
| 583 | |a last modification |c 20151210 22:58:00 |k Rodrigo Vera | ||
| 999 | |c 362206 |d 362204 | ||
| 952 | |0 0 |1 0 |3 erd |4 0 |6 291_400000000000000_CHA_1894 |7 0 |8 P |9 473169 |a BIBTEO |b BIBTES |c TEO_FTES |h v.2 |i 5273307 |o 291.4 CHA 1894 |p 5273307 |r 2024-01-18 |w 2019-11-24 |y BK |z Catalogado en:20151210 |k ICR | ||
| 952 | |0 0 |1 0 |3 erd |4 0 |6 291_400000000000000_CHA_1894 |7 0 |8 P |9 473170 |a BIBTEO |b BIBTES |c TEO_FTES |h v.3 |i 5273315 |o 291.4 CHA 1894 |p 5273315 |r 2024-01-18 |w 2019-11-24 |y BK |z Catalogado en:20151210 |k ICR | ||
| 952 | |0 0 |1 0 |3 erd |4 0 |6 291_400000000000000_CHA_1894 |7 0 |8 P |9 473171 |a BIBTEO |b BIBTES |c TEO_FTES |h v.4 |i 5273323 |o 291.4 CHA 1894 |p 5273323 |r 2024-01-18 |w 2019-11-24 |y BK |z Catalogado en:20151210 |k ICR | ||
| 952 | |0 0 |1 0 |3 erd |4 0 |6 291_400000000000000_CHA_1894 |7 0 |8 P |9 473172 |a BIBTEO |b BIBTES |c TEO_FTES |h v.5 |i 5273331 |o 291.4 CHA 1894 |p 5273331 |r 2024-01-18 |w 2019-11-24 |y BK |z Catalogado en:20151210 |k ICR | ||